| 000 | 00505nam a2200169Ia 4500 | ||
|---|---|---|---|
| 999 |
_c7168 _d7168 |
||
| 003 | OSt | ||
| 005 | 20200130111748.0 | ||
| 008 | 190216s9999||||xx |||||||||||||| ||und|| | ||
| 020 | _a9780070603967 | ||
| 040 | _coclc | ||
| 082 |
_a338.0954 _bPAU/B |
||
| 100 |
_aPaul, Justin _9641 |
||
| 245 | 0 |
_aBusiness Environment Text And Cases / _cJustin Paul |
|
| 260 |
_bTata Mcgrawhill Publishers, _aNew Delhi: _c2007. |
||
| 300 | _a429p | ||
| 942 |
_cBK _2ddc _h338.0954 _iPAU/B _k338.0954 _mPAU/B |
||